| 000 | 00684cab a2200217 4500 | ||
|---|---|---|---|
| 001 | ABS52591 | ||
| 008 | 090401t1995 xxu||||| |||| 00| 0 eng d | ||
| 035 | _a(Sirsi) u85699 | ||
| 041 | _aeng | ||
| 100 | _aLichfield, N. | ||
| 245 | _aEconomics of urban villages | ||
| 260 | _c1995 | ||
| 350 | _a0 | ||
| 490 |
_aProperty Review _v5(2) March 1995, 42-45(4) |
||
| 520 | _aHighlights seven points of interest to the property profession from the 1992 report "Urban villages", having outlined its scope and summarised it main recommendations. | ||
| 650 | _aURBAN VILLAGES | ||
| 690 | _aPLANNING LAW AND PRACTICE | ||
| 690 | _aURBAN RENEWAL | ||
| 942 | _n0 | ||
| 948 | _c04/03/1997 | ||
| 999 |
_c53908 _d53908 |
||